[Event "San Francisco TNM Summer op"]
[Site "San Francisco"]
[Date "2012.07.03"]
[Round "7"]
[White "Andries, Craig"]
[Black "Lopez, Jorge R"]
[Result "1/2-1/2"]
[WhiteElo "1950"]
[BlackElo "2182"]
[PlyCount "82"]
[EventDate "2012.05.22"]
[EventType "swiss"]
[EventRounds "8"]
[EventCountry "USA"]
[SourceTitle "EXT 2014"]
[Source "ChessBase"]
[SourceDate "2013.11.20"]
[SourceVersion "1"]
[SourceVersionDate "2013.11.20"]
[SourceQuality "1"]

1. e4 d5 2. exd5 Nf6 3. d4 Nxd5 4. Nf3 Nf6 5. h3 g6 6. Bd3 Bg7 7. 0-0 0-0 8. Re1 c5 9. dxc5 Nfd7 10. c3 Nxc5 11. Bc2 Qxd1 12. Rxd1 Bf5 13. Bxf5 gxf5 14. Rd5 Na4 15. Rxf5 Rd8 16. Nbd2 Nc6 17. h4 Rd7 18. Rf4 b5 19. Rg4 f5 20. Rg5 e6 21. h5 Kf7 22. Kh2 Bh6 23. Nb3 Bxg5 24. Bxg5 Nxb2 25. Be3 e5 26. Rb1 Na4 27. Nc5 Nxc5 28. Bxc5 a6 29. c4 Rb8 30. cxb5 Rxb5 31. Rc1 e4 32. Ng5+ Kf6 33. Be3 Ne5 34. Bf4 Rb6 35. Rc8 Ng4+ 36. Kg3 h6 37. Nxe4+ fxe4 38. Kxg4 Rg7+ 39. Kh3 Kf7 40. Be3 Re6 41. g4 Rh7 1/2-1/2

[Event "San Francisco TNM Summer op"]
[Site "San Francisco"]
[Date "2012.06.05"]
[Round "3"]
[White "Sherwood, Peter"]
[Black "Lopez, Jorge R"]
[Result "0-1"]
[WhiteElo "1782"]
[BlackElo "2182"]
[PlyCount "72"]
[EventDate "2012.05.22"]
[EventType "swiss"]
[EventRounds "8"]
[EventCountry "USA"]
[SourceTitle "EXT 2014"]
[Source "ChessBase"]
[SourceDate "2013.11.20"]
[SourceVersion "1"]
[SourceVersionDate "2013.11.20"]
[SourceQuality "1"]

1. e4 c5 2. Nf3 e6 3. d4 cxd4 4. Nxd4 a6 5. Bd3 Qc7 6. Nc3 Nf6 7. Be3 b5 8. 0-0 Bb7 9. Qf3 b4 10. Nce2 d5 11. Ng3 Nbd7 12. exd5 Nxd5 13. Qe2 Bd6 14. h3 Nxe3 15. Qxe3 Bxg3 16. Qxg3 Qxg3 17. fxg3 0-0 18. Rae1 Rac8 19. Rf2 Nc5 20. Re3 Rfd8 21. Nf3 Nxd3 22. cxd3 Bd5 23. b3 Rc3 24. Ne5 f6 25. Nf3 e5 26. g4 a5 27. Rfe2 Bxf3 28. gxf3 Rcxd3 29. Rxd3 Rxd3 30. Kf2 Rc3 31. Rd2 e4 32. fxe4 Rxh3 33. Kg2 Re3 34. Kf2 Rxe4 35. Kf3 Re5 36. Rd7 h5 0-1

[Event "San Francisco TNM Peter Grey op"]
[Site "San Francisco"]
[Date "2010.08.31"]
[Round "5"]
[White "Perepelitsky, Philipp"]
[Black "Lopez, Jorge R"]
[Result "0-1"]
[WhiteElo "2099"]
[BlackElo "2190"]
[PlyCount "92"]
[EventDate "2010.08.03"]
[EventType "swiss"]
[EventRounds "9"]
[EventCountry "USA"]
[SourceTitle "EXT 2012"]
[Source "ChessBase"]
[SourceDate "2011.11.24"]
[SourceVersion "1"]
[SourceVersionDate "2011.11.24"]
[SourceQuality "1"]

1. d4 Nf6 2. c4 e6 3. Nc3 Bb4 4. e3 Bxc3+ 5. bxc3 b6 6. Bd3 Bb7 7. f3 Qe7 8. Ne2 e5 9. e4 d6 10. 0-0 Nc6 11. d5 Na5 12. Ng3 Nd7 13. Nf5 Qf8 14. Be3 0-0-0 15. Rb1 h5 16. Rb5 g6 17. Ng3 h4 18. Ne2 Nc5 19. Nc1 Ba6 20. Rxa5 bxa5 21. Nb3 Nxd3 22. Qxd3 Qe8 23. Bg5 Qa4 24. Qe3 Bxc4 25. Bxd8 Rxd8 26. Rc1 Bxb3 27. axb3 Qxb3 28. Qxa7 Qb6+ 29. Qxb6 cxb6 30. Kf2 Kb7 31. Ke3 b5 32. f4 f6 33. fxe5 fxe5 34. Rf1 a4 35. Rf7+ Kb6 36. Kd3 a3 37. Kc2 Ra8 38. Kb1 a2+ 39. Ka1 Ra4 40. Rd7 Rxe4 41. Rxd6+ Kc5 42. Rxg6 Re2 43. Rg4 e4 44. Rxh4 Kc4 45. Rh3 e3 46. Rh4+ Kxc3 0-1

[Event "San Francisco TNM Summer op"]
[Site "San Francisco"]
[Date "2010.06.29"]
[Round "6"]
[White "Lopez, Jorge R"]
[Black "Manvelyan, Hayk"]
[Result "0-1"]
[WhiteElo "2125"]
[BlackElo "2145"]
[PlyCount "80"]
[EventDate "2010.05.25"]
[EventType "swiss"]
[EventRounds "8"]
[EventCountry "USA"]
[SourceTitle "EXT 2012"]
[Source "ChessBase"]
[SourceDate "2011.11.24"]
[SourceVersion "1"]
[SourceVersionDate "2011.11.24"]
[SourceQuality "1"]

1. Nf3 e6 2. d4 f5 3. g3 Nf6 4. Bg2 d5 5. 0-0 Bd6 6. c4 c6 7. Nc3 0-0 8. Ne5 Nbd7 9. f4 Ne4 10. Nxe4 fxe4 11. c5 Nxe5 12. fxe5 Be7 13. Be3 b6 14. Rxf8+ Bxf8 15. cxb6 axb6 16. a3 Ba6 17. Bh3 Qd7 18. Qa4 Qe8 19. Qc2 Rc8 20. b4 Bc4 21. Qb2 h6 22. a4 Rb8 23. Qd2 Kh7 24. Qe1 c5 25. dxc5 bxc5 26. Bxc5 Bxc5+ 27. bxc5 Rb2 28. Bf1 Qc6 29. Qf2 Qa6 30. Qd4 Rc2 31. Qd1 Rb2 32. Qc1 Rb4 33. a5 Qb5 34. Qe3 Rb3 35. Qd4 Bxe2 36. a6 Bxf1 37. Qf2 Rb2 38. Qxf1 Qxc5+ 39. Kh1 Qc2 40. Qg1 e3 0-1